| 000 | 01273nam a2200337 a 4500 | ||
|---|---|---|---|
| 001 | 2085344 | ||
| 003 | ARRUPE | ||
| 005 | 20170209103328.0 | ||
| 008 | 940714s1993 rh a b i000 0 eng | ||
| 010 | _a 94980089 | ||
| 020 | _a2831701937 | ||
| 040 |
_aDLC _cDLC |
||
| 042 | _alcode | ||
| 043 | _af------ | ||
| 050 | 0 | 0 | _aQH77.A425S48 1993 |
| 082 | 0 | 0 |
_a333.95/16/096 _220 |
| 100 |
_aKudzai Makombe _928710 |
||
| 245 | 0 | 0 |
_aSharing the land : _bwildlife, people, and development in Africa / _cedited by Kudzai Makombe. |
| 260 |
_aHarare, Zimbabwe : _bIUCN/Regional Office for Southern Africa ; _cc1993. |
||
| 300 |
_a36 p. : _bcol. ill. ; _c24 cm. |
||
| 440 | 0 |
_aIUCN/ROSA environmental issues series ; _vno. 1 _928711 |
|
| 650 | 0 |
_aWildlife conservation _xAfrica. _928712 |
|
| 650 | 0 |
_aWildlife management _zAfrica. _928713 |
|
| 650 | 0 |
_aSustainable development _zAfrica. _928714 |
|
| 700 | 1 |
_aMakombe, Kudzai. _eed. _928715 |
|
| 710 | 2 |
_aIUCN Regional Office for Southern Africa. _928716 |
|
| 710 | 2 |
_aIUCN/Sustainable Use of Wildlife Programme. _928717 |
|
| 906 |
_a7 _bcbc _corigode _d2 _encip _f19 _gy-gencatlg |
||
| 942 |
_2lcc _cMONOGRAPH |
||
| 999 |
_c126080 _d126080 |
||